书目信息 |
| 题名: |
克制
|
|
| 作者: | 波森 著 ;曲丹 译 | |
| 分册: | ||
| 出版信息: | 北京 社会科学文献出版社 2016 |
|
| 页数: | 276页 | |
| 开本: | 24cm | |
| 丛书名: | 国际安全研究译丛 | |
| 单 册: | ||
| 中图分类: | D771.209 , D871.20 | |
| 科图分类: | ||
| 主题词: | 发展战略--fa zhan zhan lue--研究--美国 , 美国对外政策--mei guo dui wai zheng ce--研究 | |
| 电子资源: | ||
| ISBN: | 978-7-5097-9505-7 | |
| 000 | 01352nam0 22003371 450 | |
| 001 | 0118172337 | |
| 005 | 20170618172337.0 | |
| 010 | @a978-7-5097-9505-7@dCNY69.00 | |
| 100 | @a20161107d2016 em y0chiy50 ea | |
| 101 | 1 | @achi@ceng |
| 102 | @aCN@b110000 | |
| 105 | @ay z 001yy | |
| 106 | @ar | |
| 200 | 1 | @a克制@Ake zhi@e美国大战略的新基础@dRestraint@ea new foundation for U. S. grand strategy@f(美)巴里·波森(Barry R. Posen)著@g曲丹译@zeng |
| 210 | @a北京@c社会科学文献出版社@d2016 | |
| 215 | @a276页@d24cm | |
| 225 | 2 | @a国际安全研究译丛@Aguo ji an quan yan jiu yi cong@f陶坚主编 |
| 300 | @a“十三五”国家重点图书出版规划项目 | |
| 305 | @a根据康奈尔大学出版社2014年版译出 | |
| 330 | @a本书内容分为冷战后美国大战略的演讲、自由主义霸权秩序的危害、克制的案例、制公权——关于克制战略的军事战略、兵力结构以及军力态势等。 | |
| 461 | 0 | @12001 @a国际安全研究译丛 |
| 510 | 1 | @aRestr@ea new foundation for U.S.grand strategy@zeng |
| 517 | 1 | @a美国大战略的新基础@Amei guo da zhan lue de xin ji chu |
| 606 | 0 | @a发展战略@Afa zhan zhan lue@x研究@y美国 |
| 606 | 0 | @a美国对外政策@Amei guo dui wai zheng ce@x研究 |
| 690 | @aD771.209@v5 | |
| 690 | @aD871.20@v5 | |
| 701 | 0 | @c(美)@a波森@Abo sen@c(Posen, Barry R.@f1952~)@4著 |
| 702 | 0 | @a曲丹@Aqu dan@4译 |
| 801 | 0 | @aCN@bTANGWEI@c20170615 |
| 905 | @b1009419-24@dD771.209@e415@f6 | |
| 克制:美国大战略的新基础=Restraint:a new foundation for U. S. grand strategy/(美)巴里·波森(Barry R. Posen)著/曲丹译.-北京:社会科学文献出版社,2016 |
| 276页;24cm.-(国际安全研究译丛/陶坚主编) |
| “十三五”国家重点图书出版规划项目 |
| ISBN 978-7-5097-9505-7:CNY69.00 |
| 本书内容分为冷战后美国大战略的演讲、自由主义霸权秩序的危害、克制的案例、制公权——关于克制战略的军事战略、兵力结构以及军力态势等。 |
| ● |
| 相关链接 |
|
|
|
|
正题名:克制
索取号:D771.209/415
 
预约/预借
| 序号 | 登录号 | 条形码 | 馆藏地/架位号 | 状态 | 备注 |
| 1 | 1009419 | 210094191 | 第一样本阅览室/ [索取号:D771.209/415] | 在馆 | |
| 2 | 1009420 | 210094208 | 教育系资料室/ [索取号:D771.209/415] | 在馆 | |
| 3 | 1009421 | 210094217 | 教育系资料室/ [索取号:D771.209/415] | 在馆 | |
| 4 | 1009422 | 210094226 | 教育系资料室/ [索取号:D771.209/415] | 在馆 | |
| 5 | 1009423 | 210094235 | 第一借阅区/ [索取号:D771.209/415] | 在馆 | |
| 6 | 1009424 | 210094244 | 第一借阅区/ [索取号:D771.209/415] | 在馆 |